Countries That Rely Most on Tourism - Statistics

General Stats
  • This quiz has been taken 1,112 times
  • The average score is 9 of 15
Answer Stats
% Answer % Correct
21.2 Bahamas
85%
59.6 Maldives
85%
22.6 Barbados
77%
23.6 Saint Lucia
76%
32.5 Seychelles
74%
23.5 Dominica
72%
21.7 Antigua and Barbuda
69%
40.0 Grenada
67%
19.3 Samoa
65%
48.4 Palau
59%
25.1 Vanuatu
58%
24.9 Cape Verde
55%
23.2 Belize
42%
19.9 Croatia
27%
21.8 Montenegro
17%
No matching quizzes found
Score Distribution
Percent of People with Each Score
Percentile by Number Answered
Your Score History
You have not taken this quiz